| 000 | 00643nam a22001937a 4500 | ||
|---|---|---|---|
| 999 |
_c165701 _d165701 |
||
| 005 | 20190627124725.0 | ||
| 010 | _aUR-10257 | ||
| 020 |
_c300.00 _a9789387539341 |
||
| 035 | _aU-8812 | ||
| 037 | _bDBAD/PUB | ||
| 082 | _a841 | ||
| 100 | _aسيد عبا س متقی | ||
| 245 |
_aمتا ع ر و ح _cسيد عبا س متقی |
||
| 246 |
_bMata-e-Rooh (Urdu) _aby Syed Abbas Muttaqui |
||
| 260 |
_a Delhi _bEducational Publishing House _c2017ء |
||
| 270 |
_a3191،Vakil Street,Kucha Pandit,Lal Kuan, _bDelhi _e110006 _k23216162 _l00911123211540 |
||
| 300 |
_a240ص _c22 Cm(Hb) |
||
| 942 |
_2ddc _cUR _h841 _mس ی د |
||